Cuanto vale realmente una empresa (Registro nro. 2130)
[ vista simple ]
| 000 -LEADER | |
|---|---|
| fixed length control field | 01229 a2200241 4500 |
| 001 - CONTROL NUMBER | |
| control field | 30871 |
| 005 - DATE AND TIME OF LATEST TRANSACTION | |
| control field | 20260407155617.0 |
| 008 - FIXED-LENGTH DATA ELEMENTS--GENERAL INFORMATION | |
| fixed length control field | 260407a1999 arg spa d |
| 003 - CONTROL NUMBER IDENTIFIER | |
| control field | AR-UNSa-BCEJYS |
| 040 ## - CATALOGING SOURCE | |
| Original cataloging agency | AR-UNSa-BCEJYS |
| Language of cataloging | spa |
| Transcribing agency | AR-UNSa-BCEJYS |
| 080 ## - UNIVERSAL DECIMAL CLASSIFICATION NUMBER | |
| Universal Decimal Classification number | 658.14 |
| Common auxiliary subdivision | Financiación. Financiación de las empresas. Obtención de capital |
| 020 ## - INTERNATIONAL STANDARD BOOK NUMBER | |
| International Standard Book Number | 987-9156-41-2 |
| 100 1# - MAIN ENTRY--PERSONAL NAME | |
| Personal name | Spina, Carlos E. |
| 245 10 - TITLE STATEMENT | |
| Title | Cuanto vale realmente una empresa |
| Name of part/section of a work | métodos, los flujos de fondos, estimación de ventas, los costos, valor llave. |
| 264 #1 - PRODUCTION, PUBLICATION, DISTRIBUTION, MANUFACTURE, AND COPYRIGHT NOTICE | |
| Place of production, publication, distribution, manufacture | Buenos Aires : |
| Name of producer, publisher, distributor, manufacturer | Osmar D. Buyatti |
| Date of production, publication, distribution, manufacture, or copyright notice | 1999 |
| 300 ## - PHYSICAL DESCRIPTION | |
| Extent | 160 p. |
| Dimensions | 23 cm. |
| 505 ## - FORMATTED CONTENTS NOTE | |
| Formatted contents note | 1. Aspectos introductorios - 2. Métodos - 3. Los flujos de fondos y series de tiempo - 4. Estimación de ventas - 5. Los costos - 6. Determinación de los flujos de fondos - 7. Flujos de fondos de corto plazo - 8. Otras consideraciones - 9. Método particular para calcular indemnizaciones - 10. Consideraciones sobre la contabilización del valor llave - 11. Apéndice |
| 590 ## - LOCAL NOTE (RLIN) | |
| Local note | niveau_biblio:m niveau_hierar:0 |
| 700 1# - ADDED ENTRY--PERSONAL NAME | |
| Personal name | Gimenez, Enrique M. |
| 700 1# - ADDED ENTRY--PERSONAL NAME | |
| Personal name | Scaletta, Rubén A. |
| 856 41 - ELECTRONIC LOCATION AND ACCESS | |
| Uniform Resource Identifier | <a href="https://170.210.207.44/pmb/images/libros/L86123.jpg">https://170.210.207.44/pmb/images/libros/L86123.jpg</a> |
| Link text | Imagen de portada |
| Electronic format type | image/jpeg |
| 942 ## - ADDED ENTRY ELEMENTS (KOHA) | |
| Koha item type | |
| Withdrawn status | Lost status | Damaged status | Not for loan | Home library | Current library | Shelving location | Date acquired | Total checkouts | Full call number | Barcode | Date last seen | Price effective from | Koha item type |
|---|---|---|---|---|---|---|---|---|---|---|---|---|---|
| Biblioteca Prof. Eusebio Cleto del Rey | Biblioteca Prof. Eusebio Cleto del Rey | 07/04/2026 | 658.14 S757 | L86121 | 07/04/2026 | 07/04/2026 | Libro | ||||||
| Biblioteca Prof. Eusebio Cleto del Rey | Biblioteca Prof. Eusebio Cleto del Rey | 07/04/2026 | 658.14 S757 | L86123 | 07/04/2026 | 07/04/2026 | Libro | ||||||
| Biblioteca Prof. Eusebio Cleto del Rey | Biblioteca Prof. Eusebio Cleto del Rey | 07/04/2026 | 658.14 S757 | L86122 | 07/04/2026 | 07/04/2026 | Libro |